000 01445nam a22003617i 4500
999 _c36193
_d36193
001 768714001
003 CO-MdFUSB
005 20190409092125.0
008 180417t1997 xxu||||| |||| 00| 0 spa d
020 _a0789919060
020 _a9780789919069
040 _aCO-MdFUSB
_bspa
_cCO-MdFUSB
_dCO-MdFUSBC
_erda
041 0 _aspa
_heng
082 0 4 _a248.843
_222
_bN383m
100 1 _aNeff, Miriam
_eautor
240 _aWomen and their emotions
245 4 _aLas mujeres y sus emociones
_b: Dios tenía algo bueno en mente cuando nos creó con emociones...
_c/ Miriam Neff ; Silvia B. Fernández, Traductor
264 1 _aMiami, FL., USA :
_b Unilit,
_c[1997]
264 4 _c©1997
300 _a190 páginas.
_c; 17 cm.
336 _2rdacontent
_atexto
_btxt
337 _2rdamedia
_asin mediación
_bn
338 _2rdacarrier
_avolumen
_bnc
490 _aFavoritos.
505 _aUna perspectiva femenina -- Reconocimientos. -- Introducción -- ¿Qué está en control? -- Es bueno sentir. -- Enojo. -- Temor. -- Empatía.-- Envidia -- Amor -- Ansiedad (preocupación). -- Desánimo -- Depresión -- Aflicción -- Amargura y odio -- Culpa -- Rompiendo hábitos emocionales.
534 _cWomen and their emotions
_pTítulo original :
563 _aRústico.
600 0 _aFernández, Silvia B.,
_etraductor.
650 0 _aVida cristiana
_919
653 _aPsicología de la mujer
653 _aEmociones
942 _cBK